Vista normal Vista MARC

Entrada Personal Name

Número de registros utilizados en: 1

001 - CONTROL NUMBER

  • control field: 36507

003 - CONTROL NUMBER IDENTIFIER

  • control field: OSt

005 - DATE AND TIME OF LATEST TRANSACTION

  • control field: 20210324170916.0

008 - FIXED-LENGTH DATA ELEMENTS

  • fixed length control field: 210324|| aca||aabn | a|a d

040 ## - CATALOGING SOURCE

  • Original cataloging agency: OSt
  • Transcribing agency: OSt

100 ## - HEADING--PERSONAL NAME

  • Personal name: Ruíz Murcia, Franklyn

670 ## - SOURCE DATA FOUND

  • Source citation: Work cat.: (OSt): Ruíz Murcia, Franklyn, autor, Nuevos escenarios de cambio climático para Colombia 2011-2100 : , 2015